000 01184nam a2200265 i 4500
003 DO-SdBNP
005 20250530094435.0
007 ta
008 250530t2018 dr co 000 0 spa d
040 _aDO-SdBNP
_bspa
_cBNPHU
_erda
082 _axxxx
_bB625
_222
100 _aBizet, Michel
_d1941-
_eautor
_4aut.
_956911
245 1 0 _aPachamama :
_bmadre tierra /
_cMichel Bizet ; fotos personales del artista, Mariano Hernández ; fotos obras, Abil Peralta
264 _aSanto Domingo :
_bMinisterio de Cultura,
_bMuseo de las Casas reales,
_bCapilla de los Remedios,
_c2018.
300 _a98 páginas
_bretratos, fotografías
_c23 cm.
336 _atexto
_btxt
_2rdacontent
337 _asin mediación
_bn
_2rdamedia
338 _avolumen
_bnc
_2rdacarrier
500 _aA beneficio de la Fundación Michel Bizet, para la protección de la naturaleza y las abejas como uno de los fundamentos más antiguos para el cultivo de la buena salud en los seres humanos.
590 _aInventariado, 2025/ YL
700 _aHernández, Mariano
_efotos personales del artista,
_4fot.
_972793
700 _aPeralta, Abil
_efotos obras,
_4fot
_987919
910 _aYLockward
942 _2ddc
_cLBS1
999 _c59102
_d59102